000 00615nam a2200193 i 4500
001 56004
003 ES-MaACL
005 20230906163250.0
007 t|
008 031001s1973 sp ||||1| spa d
100 1 _aDíaz del Moral, Juan.
_944259
245 1 0 _aHistoria de las agitaciones andaluzas
_b: Córdoba (antecedentes para una reforma agraria) /
_cJuan Díaz del Moral.
260 _a[Madrid] :
_bAlianza,
_c[1973]
300 _a518 p. ;
_c20 cm.
490 1 _aAlianza universidad ;
_v63
830 0 _aAlianza universidad ;
_v63
_9177276
852 _aES-MaACL
_jC-55279
_bR.87978
999 _c56004
_d56004